| 000 | 00826nam a22001937a 4500 | ||
|---|---|---|---|
| 005 | 20230227104254.0 | ||
| 008 | 230227b mx ||||| |||| 00| 0 spa d | ||
| 020 | _a9786073044554 | ||
| 050 | 0 | 4 |
_aKGF3015 _bC47 2021 |
| 100 | 1 |
_aCervantes Pérez, Benjamín Alejandro, _eautor |
|
| 245 | 1 | 3 |
_aLa prueba de daño en materia de acceso a la información. Análisis crítico y propuesta metodológica para su aplicación _c/ Benjamín Alejandro Cervantes Pérez. |
| 250 | _a1a ed. | ||
| 260 |
_aMéxico : _bUniversidad Nacional Autónoma de México. Instituto de Investigaciones Jurídicas, _c2021 |
||
| 490 | 0 |
_aEstudios jurídicos ; _vno. 355 |
|
| 504 | _aBibliografía : 205-214 | ||
| 650 | 4 | _aAcceso a la Información Pública Daños y Perjuicios | |
| 650 | 4 |
_aMetodología _xAnálisis _zMéxico |
|
| 942 |
_2lcc _cLIB |
||
| 999 |
_c166339 _d166337 |
||